00359nam a2200109Ia 4500008004100000082000800041100001700049245006300066942000600129952009900135999001500234240331s9999 xx 000 0 und d bPEN aBunch, C. tr 0aPenkalathu urimaiykalai manitha urimaikalaka angeekarithal cL 001040708LaWERCLbWERCLcSSCd2024-03-31l0o 323.334 PENp3899r2024-03-31w2024-03-31yL c2420d2420